000 00592nam a22001937a 4500
003 0
005 20231002130949.0
008 231002b xxu||||| |||| 00| 0 eng d
020 _a978-971-506-896-3
050 _aPL 6063
_b.Al46 2022
100 _aAlmario, Virgilio S.
245 _aSapantang wika
_cVirgilio S. Almario
260 _aManila
_bUniversity of Santo Tomas
_cc2022.
300 _a211 pages ;
_c23 cm.
500 _aPhilippine poetry (Filipino).
504 _aIncludes bibliographical references and index.
650 _aPhilippine poetry (Filipino).
942 _2lcc
_cBK
999 _c365466
_d365466